Sử dụng ảnh viễn thám để theo dõi độ đục của vùng cửa sông Đồng bằng sông Cửu Long : Báo cáo tổng kết đề tài nghiên cứu khoa học của sinh viên
Xây dựng bản đồ xác định lượng phù sa bồi lắng ở cửa sông chính giai đoạn 2008 và 2016. Đánh giá sự thay đổi độ đục sông ở Đồng bằng sông Cửu Long, phục vụ công tác quản lý khai thác tài nguyên nước hợp lý tại đây....
Saved in:
| Main Author: | |
|---|---|
| Format: | Book |
| Language: | Undetermined |
| Published: |
Cần Thơ
Trường Đại học Cần Thơ
2017
|
| Subjects: | |
| Tags: |
Add Tag
No Tags, Be the first to tag this record!
|
| Institutions: | Trung tâm Học liệu Trường Đại học Cần Thơ |
|---|
| LEADER | 01258nam a2200217Ia 4500 | ||
|---|---|---|---|
| 001 | CTU_230414 | ||
| 008 | 210402s9999 xx 000 0 und d | ||
| 082 | |a 333.911 | ||
| 082 | |b B113 | ||
| 088 | |a TSV2017-64 | ||
| 100 | |a Trang, Công Bắc | ||
| 245 | 0 | |a Sử dụng ảnh viễn thám để theo dõi độ đục của vùng cửa sông Đồng bằng sông Cửu Long : | |
| 245 | 0 | |b Báo cáo tổng kết đề tài nghiên cứu khoa học của sinh viên | |
| 245 | 0 | |c Trang Công Bắc (Chủ nhiệm đề tài) ; Võ Quốc Tuấn (Cán bộ hướng dẫn) | |
| 260 | |a Cần Thơ | ||
| 260 | |b Trường Đại học Cần Thơ | ||
| 260 | |c 2017 | ||
| 520 | |a Xây dựng bản đồ xác định lượng phù sa bồi lắng ở cửa sông chính giai đoạn 2008 và 2016. Đánh giá sự thay đổi độ đục sông ở Đồng bằng sông Cửu Long, phục vụ công tác quản lý khai thác tài nguyên nước hợp lý tại đây. | ||
| 650 | |a Water quality management,Quản lý chất lượng nước | ||
| 910 | |b nthai | ||
| 980 | |a Trung tâm Học liệu Trường Đại học Cần Thơ | ||